Evangelism that flows (Registro nro. 68844)
[ vista simple ]
| 000 -LÍDER | |
|---|---|
| Campo fijo de descripción fija | 01282nab a2200229 i 4500 |
| 001 - NÚMERO DE CONTROL | |
| Campo de control | 768714001 |
| 003 - IDENTIFICADOR DEL NÚMERO DE CONTROL | |
| Campo de control | CO-MdFUSB |
| 005 - FECHA Y HORA DE LA ULTIMA TRANSACCIÓN | |
| control field | 20230505104230.0 |
| 008 - ELEMENTOS DE LONGITUD FIJA -- INFORMACIÓN GENERAL | |
| Campo fijo de descripción fija -- Información general | 230505s1998 us ||||| |||| 00| 0 eng d |
| 040 ## - FUENTE DE CATALOGACIÓN | |
| Agencia que realiza la transcripción | CO-MdFUSB |
| Agencia que realiza la modificación | CO-MdFUSB |
| Agencia Catalogadora | CO-MdFUSB |
| Idioma de catalogación | eng |
| 041 ## - CÓDIGO DE IDIOMA | |
| Código de idioma para texto/pista de sonido o título separado | eng |
| 100 ## - ASIENTO PRINCIPAL--NOMBRE PERSONAL | |
| Nombre personal | Mittelberg, Mark |
| Término relacionador | autor |
| 245 ## - TÍTULO | |
| Título | Evangelism that flows |
| Mención de responsabilidad | / Mark Mittelberg, Jerry Cline, Mike Slaughter |
| 300 ## - DESCRIPCIÓN FÍSICA | |
| Extensión | Volumen 19, número 3 (Summer 1998), páginas 22 - 30 |
| Dimensiones | ; 27 cm. |
| 520 ## - NOTA DE RESUMEN, ETC. | |
| Nota de sumario, etc. | Los pastores que toman la Gran Comisión en serio, hoy en día les espera un gran<br/>reto: el flujo natural de la mayoría de las iglesias no es hacia el evangelismo. Y aunque<br/>existen muchas razones del porqué, como el aumento en la hostilidad al mensaje de Cristo o<br/>el miedo al rechazo, realmente estos no son una excusa. LEADERSHIP invita tres líderes<br/>que han podido retroceder positivamente estas actitudes en la iglesia, para discutir acerca de<br/>este gran reto que los pastores tienen. |
| 546 ## - NOTA DE IDIOMA | |
| Nota de idioma | Texto en Inglés |
| 650 #0 - ASIENTO SECUNDARIO DE MATERIA - TERMINO TEMÁTICO | |
| 9 (RLIN) | 362 |
| Término temático o nombre geográfico como elemento de entrada | Evangelización |
| 700 ## - ENTR. SECUNDARIA - Nombre Personal (R) | |
| Nombre de persona | Cline, Jerry |
| Término indicativo de función | autor |
| 700 ## - ENTR. SECUNDARIA - Nombre Personal (R) | |
| Nombre de persona | Slaughter, Mike |
| Término indicativo de función | autor |
| 773 0# - ASIENTO DE ITEM FUENTE | |
| Biblionumber | 68780 |
| Itemnumber | 81947 |
| Otro identificador del ítem | R2462 |
| Título | Leadership : |
| Número de control del registro | (CO-MdFUSB)768714001 |
| Parte(s) relacionada(s) / Volumen., número. (mes año), páginas | Volumen 19, número 3 (Summer 1998), páginas 22 - 30 |
| Enumeración y primera página | página 22 |
| 942 ## - TIPO DE MATERIAL (KOHA) | |
| Tipo de Item KOHA | Artículos de Revista |
No hay ítems disponibles.
